00454nam a2200181Ia 4500003000400000005001700004008004100021020002200062040000700084041000800091082002200099100001600121245005200137260003900189300001700228365001300245650001400258OSt20230616151918.0210423s2014 xx 000 0 und d a978-81-7596-912-4 cAL aeng a540.92 223bRAOC aRAO (C N R) aClimbing the limiless ladder: life in chemistry aNew JerseybWorld Scientificc2014 aviii,223bPB b625cINR aChemistry